| 000 | 00941nam a22003017a 4500 | ||
|---|---|---|---|
| 003 | CHAP | ||
| 005 | 20220329134916.0 | ||
| 008 | 971013s1972 nyua r 00010 eng d | ||
| 010 | _a27878 | ||
| 011 | _a28850 | ||
| 035 | _a32961 | ||
| 040 | _cCHAP | ||
| 082 | 0 | 4 |
_a631.43 _bK5 |
| 100 | 0 | 0 |
_aKirkham, Don. _963351 |
| 245 | 1 | 0 |
_aAdvanced soil physics _c/por Don Kirkham |
| 260 |
_aNew York : _bWiley-Interscience, _c1972 |
||
| 300 |
_a534 p. : _bilus. |
||
| 590 |
_aBATCH-UPD _b10 _c20130110 _lUCH01 _h1157 |
||
| 590 |
_aBATCH-UPD _b10 _c20130410 _lUCH01 _h0740 |
||
| 590 |
_aBATCH-UPD _b10 _c20130914 _lUCH01 _h1708 |
||
| 590 |
_aCONVERSION _b10 _c20130109 _lUCH01 _h1316 |
||
| 650 | 1 | 4 |
_aSuelos _xFĂsica de. _9110373 |
| 700 | 0 |
_aPowers, W. L. _991189 |
|
| 901 | _aBK | ||
| 942 | _cLIBRO | ||
| 949 |
_a631.43 K5 _bBC _cLIBRO _d33724000069720 _eLIBRO _fc.2 _h17269 _i32961 _si |
||
| 949 |
_a631.43 K5 _bBC _cLIBRO _d33724000069738 _eLIBRO _h17017 _i32961 _si |
||
| 999 |
_c27878 _d27878 |
||